Statistiques concernant Pays en 17 lettres

Cliquez ici pour prendre le quiz!

Statistiques générales

  • Ce quiz a été pris 23 fois
  • Le résultat moyen est 4 sur 6

Statistiques - réponses

Pays% Correct
Bosnie-Herzégovine
67%
Émirats arabes unis
67%
Guinée équatoriale
62%
République du Congo
62%
République Tchèque
62%
Sao Tomé-et-Principe
57%

Distribution des résultats

Percentile par nombre de réponses

% des personnes avec chaque résultat

Votre développement - résultats

Vous n’avez pas pris ce quiz